| 000 | 00329nam a22001337a 4500 | ||
|---|---|---|---|
| 020 | _a421158905 | ||
| 082 | _a346.068DRA. | ||
| 100 | _aCharles D. Drake. | ||
| 245 | _aLaw of partnership. | ||
| 260 |
_aLondon _bSweet and Maxwell. _c1972. |
||
| 300 |
_axxiv, 264pg. _b21cm. |
||
| 500 | _aIncludes appendix and index. | ||
| 942 | _cBK | ||
| 999 |
_c17043 _d17043 |
||